Normal view
MARC view
- نظم معلومات استراتيجية
Entry Topical Term
001 - CONTROL NUMBER
- control field: 30863
003 - CONTROL NUMBER IDENTIFIER
- control field: JO-AjAnu
005 - DATE AND TIME OF LATEST TRANSACTION
- control field: 20230606075213.0
008 - FIXED-LENGTH DATA ELEMENTS
- fixed length control field: 230606|| aca||aabn | a|a d
040 ## - CATALOGING SOURCE
- Original cataloging agency: JO-AjAnu
- Transcribing agency: JO-AjAnu
150 ## - HEADING--TOPICAL TERM
- Topical term or geographic name entry element: نظم معلومات استراتيجية
670 ## - SOURCE DATA FOUND
- Source citation: Work cat.: (JO-AjAnu)15850: الزعبي، حسن علي, author 30862, نظم المعلومات الاستراتيجية: مدخل استراتيجي